000 00354nam a2200145 i 4500
001 bg
100 1 _aWALIGÓRSKI, J.
245 0 _aGeometria wykreślna dla inżynierów i techników /
_cJ. Waligórski.
250 _aWyd.4.
260 _aWarszawa,
_c1972.
040 _cBPK
041 _apol
942 _cKS
008 s pl f |000 0 pol
999 _c2027
_d2027
856 _uhttp://koha.tu.koszalin.pl/cgi-bin/koha/opac-detail.pl?biblionumber=2027
_yKatalog online BPK